|
|
|
|
| LEADER |
01794cas a2200241 a 4500 |
| 001 |
AALejournalIMF018249 |
| 008 |
230101c9999 xx r poo 0 0eng d |
| 020 |
|
|
|c 5.00 USD
|
| 020 |
|
|
|z 9781484340790
|
| 022 |
|
|
|a 1934-7685
|
| 040 |
|
|
|a BD-DhAAL
|c BD-DhAAL
|
| 110 |
2 |
|
|a International Monetary Fund.
|b Asia and Pacific Dept.
|
| 245 |
1 |
0 |
|a Republic of Fiji :
|b 2017 Article IV Consultation-Press Release; Staff Report; and Statement by the Executive Director for the Republic of Fiji.
|
| 264 |
|
1 |
|a Washington, D.C. :
|b International Monetary Fund,
|c 2018.
|
| 300 |
|
|
|a 1 online resource (61 pages)
|
| 490 |
1 |
|
|a IMF Staff Country Reports
|
| 500 |
|
|
|a <strong>Off-Campus Access:</strong> No User ID or Password Required
|
| 500 |
|
|
|a <strong>On-Campus Access:</strong> No User ID or Password Required
|
| 506 |
|
|
|a Electronic access restricted to authorized BRAC University faculty, staff and students
|
| 520 |
3 |
|
|a This 2017 Article IV Consultation highlights that Fiji's economy is recovering well after Tropical Cyclone Winston and is expected to record its eighth consecutive year of expansion in 2017. Growth is expected to pick up to about 4 percent in 2017, underpinned by reconstruction activities, a vibrant tourism sector, and the recovery of agriculture production. The growth momentum is projected to continue in the coming years. Inflation declined sharply in recent months as the supply of food items started to normalize and is projected to remain about 3 percent. Risks to the economic outlook are largely related to external developments.
|
| 538 |
|
|
|a Mode of access: Internet
|
| 830 |
|
0 |
|a IMF Staff Country Reports; Country Report ;
|v No. 2018/034
|
| 856 |
4 |
0 |
|z Full text available on IMF
|u http://elibrary.imf.org/view/journals/002/2018/034/002.2018.issue-034-en.xml
|z IMF e-Library
|